Statistiques concernant Géographie mondiale pour les nuls.

Cliquez ici pour prendre le quiz!

Statistiques générales

  • Ce quiz a été pris 15 726 fois
  • Le résultat moyen est 16 sur 20

Statistiques - réponses

QuestionRéponse% Correct
Quel est la langue officielle de l'Argentine?Espagnol
97%
Quelle monnaie utilise l'Allemagne?Euro
97%
Quel est le pays le plus grand au monde par la superficie?Russie
96%
Quelle est la capitale de l'Égypte?Le Caire
93%
Quel est le plus grand désert d'Afrique?Sahara
93%
Quelle ville italienne est célèbre pour ses gondoles et ses canaux?Venise
92%
Quelle est la plus haute montagne de la Terre?Mont Everest
89%
Quel est le principal produit d'exportation de l'Arabie Saoudite?Pétrole
86%
Quelle est la plus grande ville francophone du Canada?Montréal
85%
Quelle est la latitude de l'équateur?
81%
Quel état des États-Unis borde l'Océan Arctique?Alaska
81%
Dans quelle chaîne de montagne se trouve-t-elle?Himalaya
81%
Dans quel pays pouvez-vous trouver la ville de Kobe, célèbre pour ses bœufs très onéreux?Japon
81%
Sur quelle île peut-on trouver les villes de Cork, Limerick, Belfast et Galway?Irlande
78%
Quelle est le plus long fleuve sud-américain?Amazone
74%
Quel est le plus méridional des pays africains?Afrique du Sud
71%
Quel pays moderne correspond à l'ancienne Perse?Iran
66%
Dans quelle ville se situe l'aéroport d'Heathrow?Londres
65%
Nommez l'un des Grands Lacs d'Amérique du Nord.Érié | Huron | Michigan | Ontario | Supérieur
56%
Dans quel pays se trouve la ville anciennement nommée Saïgon?Viêt Nam
56%

Distribution des résultats

Percentile par nombre de réponses

% des personnes avec chaque résultat

Votre développement - résultats

Vous n’avez pas pris ce quiz